000 00706nmm a2200205Ia 4500
008 251105s9999||||xx |||||||||||||||||und||
020 _a9780231537582
041 _aeng
100 _aMouritsen, Ole
245 0 _aUmami :
_b Unlocking the Secrets of the Fifth Taste
264 _a[Washington, Estados Unidos] :
_bColumbia University Press,
_c[Fecha de publicación no identificada]
300 _a0 páginas
490 _aArts and Traditions of the Table: Perspectives on Culinary History
700 _aMouritsen, Ole
700 1 _a Styrbæk, Klavs
700 1 _a Drotner Mouritsen, Jonas
700 1 _a Johansen, Mariela
856 _uhttps://public.digitaliapublishing.com/a/74232
942 _cCF
999 _c69124
_d69124